| 000 | 00627nam a22001937a 4500 | ||
|---|---|---|---|
| 999 |
_c186777 _d186777 |
||
| 005 | 20220315115241.0 | ||
| 010 | _aENG-131989 | ||
| 020 |
_a9789389211788 _c325.00 |
||
| 035 | _aEN-115521 | ||
| 037 | _bDBAD | ||
| 082 | _a333.707 | ||
| 100 | _aBharucha,Erach | ||
| 245 |
_aTextbook of Environmental Studies ; _b for Undergraduate Courses/ _cErach Bharucha |
||
| 250 | _a3rd Edition | ||
| 260 |
_aTelangana _bUniversities press (india) Private Limited _c2021 |
||
| 270 |
_a3-6-747/1/A&3-6-754/1 Himayatnagar,hyderabad _bTelangana _e500029 |
||
| 300 |
_a266.p _c24cm(pbk) |
||
| 942 |
_2ddc _cEN _h333.707 _mENV |
||